| 000 | 00496nmm a22001817a 4500 | ||
|---|---|---|---|
| 005 | 20161103145302.0 | ||
| 008 | 161101b xxu||||| |||| 00| 0 spa d | ||
| 041 | _aspa | ||
| 082 | _aTU 14 | ||
| 100 |
_aCruz Navarro, Jesús Alberto _929922 |
||
| 245 | _aPractica profesional de la Oficina Nacional de Ventas Hilton Worldwide Costa Rica | ||
| 260 | _c2014 | ||
| 650 |
_aCOSTA RICA _930273 |
||
| 650 |
_aTURISMO _9894 |
||
| 650 |
_aVENTAS _9635 |
||
| 650 |
_aHOTELES HILTON _929924 |
||
| 942 | _cIP | ||
| 999 |
_c8568 _d8568 |
||